000 00598nam a2200229Ia 4500
003 OSt
005 20220928140633.0
006 a|||||r|||| 00| 0
007 ta
008 220927b |||||||| |||| 00| 0 eng d
024 _a10292
037 _cTextual
040 _aSDCL
_cSDCL
_beng
041 _2eng
_aeng
082 _aX:77.5'N7, M0
100 _aLeveson Irving
_9496457
245 0 _aWestern economies in transition
260 _c1980
700 _a Wheeler Jimmy
_9496458
942 _hX:77.5'N7, M0
_cTEXL
_2CC
999 _c812814
_d812814